000 01111nam a2200325 a 4500
001 3573819
003 NUST - PNEC
005 20170116181125.0
008 981210r1998 pk ab b 001 0deng
010 _a 98930116
020 _a0195777271
025 _aP-E-98930116; 07; 08
040 _aDLC
_cLIBRARY
042 _alcode
043 _aa-bg---
_aa-pk---
050 0 0 _aDS395
_b.N53 1998b
082 0 0 _a954.952051 NIA
100 1 _aNiazi, Amir Abdullah Khan.
245 1 4 _aThe betrayal of East Pakistan /
_cA.A.K. Niazi.
260 _aKarachi :
_bOxford University Press,
_c1998.
300 _axxxi, 321 p. :
_bill., maps ;
_c23 cm.
500 _aOriginally published: New Delhi : Manohar, 1998.
504 _aIncludes bibliographical references and index.
600 1 0 _aNiazi, Amir Abdullah Khan.
650 0 _aIndia-Pakistan Conflict, 1971
_xGeneral
651 0 _aBangladesh
_xHistory
_yRevolution, 1971
_xPersonal narratives, Pakistani.
906 _a7
_bcbc
_corigode
_d3
_encip
_f19
_gy-gencatlg
942 _2ddc
_cBK
999 _c69729
_d69729